01000nam a2200253 a 4500008004100000020001500041050001500056100002300071245006700094246004200161250001200203260007400215260002200289300001800311350000900329500002400338650004500362650004200407700001800449710006600467995008100533999001700614952011500631060424s1996 ||||||||||||||||| || u a9250037821 aSB 123 Wor aBeaney, J. (Jayne)10aWorld list of seed sources. (4th ed.)cedited by E. Sgaravatti aListe mondiale de sources de semences a4th ed. aRome :bFood and Agriculture Organization of the United Nationsc1996 aRome :bFAOc1996 axiii, 623 p.  a0.00 a"M-13"--T.p. verso. aGermplasm resources, Plant - Directories aSeed industry and trade - Directories aSgaravatti, E aFood and Agriculture Organization of the United Nations (FAO) D0.00FCBU-MAIN LIBRARY (Kitwe)H1I29.00M1UREFERENCEZReference Collection c62127d62127 00102lcc4070a001b001cReference Collectiond2022-11-30l0oSB 123 Worp48004r2022-11-30w2022-11-30y002